[Event "Paracin 2018"]
[Site "Paracin, Hotel Petrus"]
[Date "2018.07.13"]
[Round "9.52"]
[White "Altun, Arda"]
[Black "Jigjidsuren, Purev"]
[Result "0-1"]
[WhiteElo "1955"]
[BlackElo "2183"]
[PlyCount "100"]
[EventDate "2018.07.06"]

1. e4 c5 2. Nf3 e6 3. d3 g6 4. Nbd2 Bg7 5. g3 Ne7 6. Bg2 O-O 7. O-O d6 8. c3
Nbc6 9. a3 Qc7 10. Re1 b5 11. Nb3 a5 12. Be3 a4 13. Nc1 Bb7 14. d4 Na5 15. dxc5
dxc5 16. Nd3 Nb3 17. Rb1 Rad8 18. Qe2 e5 19. Nh4 Nc8 20. f4 exf4 21. Bxf4 Qb6
22. Rbd1 Nd6 23. e5 Bxg2 24. Nxg2 Nf5 25. g4 Ne7 26. Ne3 Nd5 27. Nxd5 Rxd5 28.
Nf2 Rxd1 29. Rxd1 Re8 30. Rd5 h6 31. h4 Na5 32. Qe4 Nc4 33. Nd3 Qe6 34. Qg2 g5
35. hxg5 hxg5 36. Nxc5 Qg6 37. Bg3 Ne3 38. Qf3 Qb1+ 39. Kh2 Nxd5 40. Qxd5 Qxb2+
41. Kh3 Qxc3 42. e6 Qf6 43. Qd7 Re7 44. Qd8+ Kh7 45. Ne4 Qf1+ 46. Kh2 Qe2+ 47.
Kh3 Qxe4 48. Qxe7 Qh1+ 49. Bh2 Qf1+ 50. Kg3 Be5# 0-1

[Event "Paracin 2018"]
[Site "Paracin, Hotel Petrus"]
[Date "2018.07.13"]
[Round "9.53"]
[White "Farkas, Sandor I"]
[Black "Stankovic, Milos M"]
[Result "0-1"]
[WhiteElo "1998"]
[BlackElo "2100"]
[PlyCount "104"]
[EventDate "2018.07.06"]

1. c4 Nf6 2. g3 g6 3. Bg2 Bg7 4. Nc3 O-O 5. d3 d6 6. Rb1 a5 7. a3 e5 8. b4 axb4
9. axb4 Nc6 10. b5 Ne7 11. e4 c6 12. Nge2 d5 13. O-O Be6 14. exd5 cxd5 15. Bg5
h6 16. Bxf6 Bxf6 17. d4 dxc4 18. dxe5 Bxe5 19. Bxb7 Rb8 20. Bg2 Bf5 21. Be4 Qa5
22. Qc1 h5 23. Qe3 Bg7 24. Rfc1 Rfc8 25. Bxf5 Nxf5 26. Qf4 Bh6 27. Qe5 Re8 28.
Qd5 Bxc1 29. Rxc1 Rbd8 30. Qxc4 Rc8 31. Qd3 Qa3 32. Rd1 Qa5 33. Qf3 Rcd8 34.
Rb1 Qa3 35. Qf4 Nd4 36. Nxd4 Qxc3 37. Nf3 Qd3 38. Rb4 Ra8 39. Kg2 Ra1 40. Qc4
Qd1 41. Ng5 Qg1+ 42. Kh3 Qxf2 43. Qf4 Qa7 44. b6 Qd7+ 45. Kh4 Ra2 46. h3 Raa8
47. Rd4 Qe7 48. Re4 Qf8 49. Qc7 Rxe4+ 50. Nxe4 Ra4 51. b7 Rxe4+ 52. Kg5 Re8 0-1

[Event "Paracin 2018"]
[Site "Paracin, Hotel Petrus"]
[Date "2018.07.13"]
[Round "9.54"]
[White "Bilic, Milanko"]
[Black "Yerden, Huseyin Eren"]
[Result "0-1"]
[WhiteElo "2066"]
[BlackElo "2022"]
[PlyCount "120"]
[EventDate "2018.07.06"]

1. e4 c5 2. Nf3 d6 3. d4 cxd4 4. Nxd4 Nf6 5. Nc3 Nc6 6. Bc4 Qb6 7. Nxc6 bxc6 8.
O-O g6 9. Bb3 Bg7 10. Be3 Qc7 11. h3 O-O 12. Qd2 Rd8 13. Rfd1 Bb7 14. Bh6 Bh8
15. Qf4 Rac8 16. Bg5 Bg7 17. Rac1 Qa5 18. Qd2 Qc7 19. Qe2 h6 20. Be3 c5 21. Qc4
e6 22. Bf4 Qb6 23. Qe2 d5 24. e5 Nd7 25. Ba4 a6 26. Rb1 Nb8 27. Re1 Nc6 28.
Bxc6 Qxc6 29. Qd2 Kh7 30. b3 Ba8 31. Rbc1 Bf8 32. a3 Bg7 33. h4 h5 34. Qe2 d4
35. Ne4 Qxe4 36. Qxe4 Bxe4 37. Rxe4 Rd5 38. Kf1 c4 39. Rd1 cxb3 40. cxb3 d3 41.
b4 Rc6 42. Bg3 f6 43. exf6 Bxf6 44. Re3 d2 45. Ke2 Bb2 46. Rf3 e5 47. Rxd2
Rxd2+ 48. Kxd2 Kg7 49. Rb3 Bd4 50. a4 Kf6 51. b5 axb5 52. axb5 Rd6 53. Kc2 Kf5
54. Rf3+ Kg4 55. Kb3 g5 56. hxg5 h4 57. Rf6 Rd5 58. Kc4 Rc5+ 59. Kb4 hxg3 60.
fxg3 Kxg3 0-1

[Event "Paracin 2018"]
[Site "Paracin, Hotel Petrus"]
[Date "2018.07.13"]
[Round "9.55"]
[White "Todorov, Kaloyan"]
[Black "Isha, Sharma"]
[Result "0-1"]
[WhiteElo "1977"]
[BlackElo "2062"]
[PlyCount "64"]
[EventDate "2018.07.06"]

1. e4 d6 2. d4 Nf6 3. Nc3 e5 4. Nf3 Nbd7 5. Bc4 Be7 6. O-O O-O 7. Re1 c6 8. a4
a5 9. b3 exd4 10. Nxd4 Ne5 11. Nf5 Bxf5 12. exf5 Nxc4 13. bxc4 Re8 14. Rb1 Qd7
15. Qd3 Bf8 16. Rxe8 Rxe8 17. Bg5 Ng4 18. f3 Ne5 19. Qe4 h6 20. Bh4 Ng6 21. Qg4
Nxh4 22. Qxh4 Qxf5 23. Qf2 Qe5 24. Ne4 d5 25. cxd5 cxd5 26. Nd2 Bb4 27. Nb3 Rc8
28. h3 Rc4 29. Kh1 Bd6 30. g4 Rxa4 31. Re1 Qf4 32. Qe2 Qg3 0-1

[Event "Paracin 2018"]
[Site "Paracin, Hotel Petrus"]
[Date "2018.07.13"]
[Round "9.56"]
[White "Trifunovic, Miroljub"]
[Black "Mijatovic, Dusan"]
[Result "1-0"]
[WhiteElo "2198"]
[BlackElo "2071"]
[PlyCount "91"]
[EventDate "2018.07.06"]

1. d4 Nf6 2. Nf3 g6 3. g3 Bg7 4. Bg2 O-O 5. O-O c6 6. c4 d5 7. cxd5 cxd5 8. Nc3
Ne4 9. Qb3 Nxc3 10. bxc3 Nc6 11. Nd2 e6 12. e4 dxe4 13. Nxe4 Qb6 14. Ba3 Rd8
15. Nc5 e5 16. d5 Qxb3 17. axb3 Nb8 18. c4 Nd7 19. Na4 f5 20. Bb2 Bf8 21. Rfe1
Bd6 22. Ba3 Bxa3 23. Rxa3 Re8 24. b4 a5 25. b5 Ra7 26. c5 e4 27. c6 Ne5 28. Rc3
Rd8 29. Rd1 bxc6 30. bxc6 Rc7 31. Nb6 Ba6 32. Bf1 Bxf1 33. Rxf1 Rb8 34. Nc4
Nf3+ 35. Kg2 Rd8 36. Nb6 Ne5 37. Ra1 Kf7 38. Rxa5 Kf6 39. Na8 Rcc8 40. c7 Rd7
41. Ra6+ Kg7 42. d6 Nf7 43. Rcc6 Rxd6 44. Rxd6 Nxd6 45. Rxd6 Rxa8 46. Rd8 1-0

[Event "Paracin 2018"]
[Site "Paracin, Hotel Petrus"]
[Date "2018.07.13"]
[Round "9.59"]
[White "Harshini, A."]
[Black "Konstantinov, Aleksandar"]
[Result "1/2-1/2"]
[WhiteElo "2037"]
[BlackElo "2133"]
[PlyCount "40"]
[EventDate "2018.07.06"]

1. e4 e6 2. d4 d5 3. Nc3 Nf6 4. Bg5 Be7 5. e5 Nfd7 6. Bxe7 Qxe7 7. f4 O-O 8.
Nf3 c5 9. Bb5 Nc6 10. O-O Nxd4 11. Nxd4 cxd4 12. Qxd4 Qc5 13. Rad1 Qxd4+ 14.
Rxd4 Nb8 15. Ne2 a6 16. Ba4 b5 17. Bb3 Nc6 18. Rd2 a5 19. a4 b4 20. Nd4 Nxd4
1/2-1/2

[Event "Paracin 2018"]
[Site "Paracin, Hotel Petrus"]
[Date "2018.07.13"]
[Round "9.60"]
[White "Petrovic, Zoran Z"]
[Black "Pajcin, Lav"]
[Result "1/2-1/2"]
[WhiteElo "2025"]
[BlackElo "2130"]
[PlyCount "61"]
[EventDate "2018.07.06"]

1. d4 d5 2. c4 e6 3. Nf3 Nf6 4. g3 Be7 5. Bg2 O-O 6. O-O b6 7. Nc3 Bb7 8. Nd2
Bb4 9. Qc2 Bxc3 10. bxc3 Nbd7 11. Re1 Re8 12. cxd5 exd5 13. c4 c5 14. Bb2 cxd4
15. Bxd4 Qc7 16. Rac1 dxc4 17. Qxc4 Qxc4 18. Nxc4 Bxg2 19. Kxg2 Rac8 20. e3 Rc6
21. Na3 Rec8 22. Rcd1 a6 23. Re2 Kf8 24. h3 Ke7 25. g4 g6 26. Bb2 Rd6 27. Rxd6
Kxd6 28. e4 Ke7 29. Nb1 Nc5 30. Nc3 Ke6 31. Rd2 1/2-1/2

[Event "Paracin 2018"]
[Site "Paracin, Hotel Petrus"]
[Date "2018.07.13"]
[Round "9.61"]
[White "Sultan, Ibrahim"]
[Black "Lea, Daniel J"]
[Result "1-0"]
[WhiteElo "2126"]
[BlackElo "1973"]
[PlyCount "89"]
[EventDate "2018.07.06"]

1. d4 d5 2. c4 e6 3. Nf3 Nf6 4. g3 Be7 5. Bg2 O-O 6. O-O Nbd7 7. Qc2 a6 8. b3
dxc4 9. bxc4 c5 10. e3 Qc7 11. a4 b6 12. Ba3 Bb7 13. Nbd2 Rfe8 14. Rfe1 cxd4
15. exd4 Bxa3 16. Rxa3 e5 17. dxe5 Nxe5 18. Rxe5 Rxe5 19. Nxe5 Bxg2 20. Kxg2
Qxe5 21. a5 Qc5 22. Qc3 Qc6+ 23. Qf3 Qxf3+ 24. Kxf3 bxa5 25. Rxa5 Kf8 26. Ne4
Nxe4 27. Kxe4 Ke7 28. Kd5 Kd7 29. Ra4 g6 30. h4 h5 31. Ra3 Kc7 32. Kc5 a5 33.
Ra4 f6 34. f3 g5 35. f4 gxh4 36. gxh4 Ra7 37. f5 Ra8 38. Ra1 a4 39. Kd5 Ra6 40.
Ra3 Kd7 41. Kc5 Kc7 42. Kb5 Ra8 43. Rxa4 Rd8 44. Ra7+ Kb8 45. Rf7 1-0

[Event "Paracin 2018"]
[Site "Paracin, Hotel Petrus"]
[Date "2018.07.13"]
[Round "9.62"]
[White "Damjanovic, Vuk"]
[Black "Kolbert, Engelbert"]
[Result "1-0"]
[WhiteElo "1939"]
[BlackElo "2124"]
[PlyCount "95"]
[EventDate "2018.07.06"]

1. d4 Nf6 2. c4 c5 3. Nf3 g6 4. Nc3 Bg7 5. e4 cxd4 6. Nxd4 d6 7. Be2 Nc6 8. Be3
O-O 9. O-O Bd7 10. Qd2 Ng4 11. Bxg4 Bxg4 12. f3 Bd7 13. Nd5 Rc8 14. b3 Re8 15.
Rac1 e6 16. Nc3 a6 17. Nde2 Qe7 18. Rfd1 Bf8 19. c5 d5 20. exd5 exd5 21. Nxd5
Qe5 22. f4 Qe6 23. f5 Qe5 24. fxg6 hxg6 25. Rf1 Bf5 26. Nec3 Bg7 27. Rce1 Red8
28. Kh1 Be6 29. Rd1 Rd7 30. Bf4 Qh5 31. Bd6 Rcd8 32. Qf2 b6 33. b4 Nxb4 34.
Nxb4 Bxc3 35. Nc6 Re8 36. cxb6 Bd5 37. Qc5 Rxd6 38. Qxd6 Bc4 39. b7 Bxf1 40.
Rxf1 Qb5 41. Ne7+ Kg7 42. Qf4 f6 43. Nd5 Be5 44. Qf3 Qxb7 45. Nxf6 Rb8 46. Ne8+
Kh7 47. Qh3+ Kg8 48. Qe6+ 1-0

[Event "Paracin 2018"]
[Site "Paracin, Hotel Petrus"]
[Date "2018.07.13"]
[Round "9.63"]
[White "Stanojevic, Ilija"]
[Black "Ayan, Bengu Sena"]
[Result "1-0"]
[WhiteElo "2120"]
[BlackElo "1787"]
[PlyCount "151"]
[EventDate "2018.07.06"]

1. c4 c5 2. Nf3 Nc6 3. Nc3 e5 4. e3 g6 5. d4 d6 6. dxe5 dxe5 7. Qxd8+ Kxd8 8.
Be2 f6 9. O-O Be6 10. Rd1+ Ke8 11. Nb5 Rc8 12. b3 a6 13. Nd6+ Bxd6 14. Rxd6 Ke7
15. Rd1 Nh6 16. Ba3 b6 17. Nd2 Rhd8 18. Ne4 Nf5 19. Nc3 Nb4 20. Bb2 Kf7 21. g4
Ne7 22. Ne4 Ra8 23. g5 Ng8 24. gxf6 Nxf6 25. Ng5+ Ke7 26. Bxe5 h6 27. Nxe6 Kxe6
28. Bc7 Rxd1+ 29. Rxd1 Rc8 30. Bxb6 Nxa2 31. Bf3 Nb4 32. Bd8 Rb8 33. h4 g5 34.
Bxf6 Kxf6 35. Rd6+ Kg7 36. h5 Rh8 37. Be4 Kf7 38. Bf5 Ke7 39. Rb6 Rf8 40. e4
Rf6 41. Rb7+ Kf8 42. Bg6 Nd3 43. Rh7 Nf4 44. Rxh6 Nxh5 45. Rxh5 Rxg6 46. Rh8+
Ke7 47. Rc8 Kd6 48. Kg2 Ke5 49. f3 Kd4 50. Rd8+ Kc3 51. Rd5 Rc6 52. Rxg5 Kxb3
53. Kf2 Kxc4 54. Ke3 Kb3 55. Rg8 c4 56. Rb8+ Kc2 57. e5 c3 58. f4 Kd1 59. Rd8+
Kc1 60. f5 c2 61. Rh8 Kb1 62. Rh1+ c1=Q+ 63. Rxc1+ Kxc1 64. f6 Rc8 65. f7 a5
66. e6 a4 67. e7 a3 68. e8=Q Rxe8+ 69. fxe8=Q a2 70. Qa4 Kb2 71. Qb4+ Ka1 72.
Qc3+ Kb1 73. Kd2 a1=N 74. Qc1+ Ka2 75. Kc3 Nb3 76. Qb2# 1-0

[Event "Paracin 2018"]
[Site "Paracin, Hotel Petrus"]
[Date "2018.07.13"]
[Round "9.64"]
[White "Vlassis, Georgios"]
[Black "Zlatanovic, Zoran"]
[Result "1-0"]
[WhiteElo "2005"]
[BlackElo "2108"]
[PlyCount "65"]
[EventDate "2018.07.06"]

1. Nf3 c5 2. e3 Nf6 3. d4 g6 4. Be2 Bg7 5. O-O O-O 6. c4 d6 7. Nc3 Nc6 8. d5
Na5 9. e4 a6 10. Bd2 Bg4 11. Rb1 Bxf3 12. gxf3 Qc8 13. Kg2 Rb8 14. b3 Nh5 15.
Qc1 b6 16. Bh6 f5 17. Bxg7 Kxg7 18. f4 fxe4 19. Bxh5 gxh5 20. f3 exf3+ 21. Rxf3
Qf5 22. Qe3 Rbe8 23. Re1 Rf6 24. Ne4 Rg6+ 25. Rg3 Nb7 26. Ng5 Nd8 27. Qc3+ Kh6
28. Qf3 Nf7 29. Re6 Qc2+ 30. Re2 Qf5 31. Kh1 Nxg5 32. fxg5+ Rxg5 33. Re6+ 1-0

[Event "Paracin 2018"]
[Site "Paracin, Hotel Petrus"]
[Date "2018.07.13"]
[Round "9.65"]
[White "Vujcic, Milena"]
[Black "Molnar Gabor, Roland"]
[Result "1-0"]
[WhiteElo "1911"]
[BlackElo "2034"]
[PlyCount "117"]
[EventDate "2018.07.06"]

1. e4 e5 2. Nf3 Nc6 3. Bb5 a6 4. Ba4 Nf6 5. d3 b5 6. Bb3 Bc5 7. c3 O-O 8. Nbd2
d5 9. exd5 Nxd5 10. O-O Bb6 11. d4 exd4 12. Nxd4 Nxd4 13. cxd4 Bb7 14. Nf3 h6
15. h3 Re8 16. Ne5 Qd6 17. Be3 Rad8 18. Qh5 Qf6 19. Rad1 Re6 20. Kh2 Ba7 21.
Bc2 Nf4 22. Qxf7+ Qxf7 23. Nxf7 Kxf7 24. Bxf4 Re2 25. Bb3+ Kf8 26. Bxc7 Rxd4
27. Rfe1 Rxf2 28. Rxd4 Rxg2+ 29. Kh1 Rd2+ 30. Rde4 Bxe4+ 31. Rxe4 Bc5 32. Be5
Rf2 33. Rf4+ Rxf4 34. Bxf4 Bd4 35. Bc1 Ke7 36. Kg2 Kf6 37. Kf3 Ke5 38. Bc2 g5
39. Kg4 Kf6 40. b3 a5 41. Bd2 b4 42. Be1 Be3 43. Bg3 Bb6 44. Kh5 Ke6 45. Kxh6
Be3 46. Bc7 g4+ 47. Kh5 gxh3 48. Kh4 Kd5 49. Kxh3 Bc5 50. Bxa5 Kd4 51. Kg4 Kc3
52. Bg6 Kb2 53. Kf4 Kxa2 54. Bf7 Kb2 55. Ke4 Kc3 56. Bc4 Bf8 57. Kd5 Be7 58.
Bb6 Bf8 59. Bc5 1-0